000 00360nam a2200145Ia 4500
008 230917s9999||||xx |||||||||||||| ||und||
040 _e186323
_aMAIN
041 _aEnglish
082 _a005.432 L515W
100 _aLee, Wei-Meng
245 0 _aWindow 7: Up and runing
260 _aNew Delhi
_bShroff Publishers
_c2009
300 _aiX, 185 p.
942 _cBK
999 _c161992
_d161992